00681nam a22002297a 45000010005000000030006000050050017000110080041000280200018000690400029000870500015001160820008001311000023001392450039001622600040002013000060002415050008003015200056003095210029003655210020003946500037004147119FISKH20250624112111.0250624b cb ||||| |||| 00| 0 eng d a9780394837482 aFISKHbengcFISKHdFISKH aTF148 .L56 a385 aLippman's , Peter  aBusy trains /cBy Peter Lippman's  aNew York : bRandom House , c1978. a32 unnumbered pages : bcolor illustrations ;c21 cm .  aJ  aIdentifies and discusses different kinds of trains.8 a500 bLexile estimate 8 aJ bRaz-Plus  aRailroads vJuvenile Literature